000
00294nam a2200097Ia 4500
005
20250424112902.0
008
250424s9999 xx 000 0 und d
300
_a
56 p. :ill. ; 30 cm.
650
_a
Liquefied natural gas--United States--History. Gas as fuel--United States--History.
942
_c
SR
999
_c
37698
_d
37698